00211nam a2200085Ia 4500008004100000041000800041100001300049245002800062260003500090241105s9999 xx 000 0 und d aeng aPatil R. aIntrastrate Bus Station bFinal Year B. Arch, BNCAc2000